KOHA-Header-6

Numerical Mathematics (Record no. 1786)

000 -LEADER
fixed length control field 00303nam a2200121Ia 4500
008 - FIXED-LENGTH DATA ELEMENTS--GENERAL INFORMATION
fixed length control field 190723s9999 xx 000 0 und d
020 ## - INTERNATIONAL STANDARD BOOK NUMBER
International Standard Book Number 978-93-84323-16-5
100 ## - MAIN ENTRY--PERSONAL NAME
Personal name Matheus Grasseli
245 #0 - TITLE STATEMENT
Title Numerical Mathematics
260 ## - PUBLICATION, DISTRIBUTION, ETC. (IMPRINT)
Place of publication, distribution, etc New delhi
Name of publisher, distributor, etc Jones & Bartlett
Date of publication, distribution, etc 2017
300 ## - PHYSICAL DESCRIPTION
Extent 668.:p
942 ## - ADDED ENTRY ELEMENTS (KOHA)
Koha item type Books
Holdings
Withdrawn status Lost status Damaged status Not for loan Collection code Permanent Location Current Location Shelving location Date acquired Full call number Barcode Date last seen Price effective from Koha item type
        Mathematics MAJU MAJU Shelf No.B31 2019-07-23 518 8409 2019-07-23 2019-07-23 Mathematics

Powered by Koha